| 000 | 00687nam a2200217 a 4500 | ||
|---|---|---|---|
| 001 | BRCA_1012 | ||
| 005 | 20190320203236.0 | ||
| 008 | 071105s2000----ve-a######---#000-0#spa-d | ||
| 041 | _aspa | ||
| 044 | _ave | ||
| 050 | 4 |
_aN6733 _b.R58 2000 |
|
| 100 | 1 |
_aRivas, Jorge _93332 |
|
| 245 | 1 | 0 |
_aArte del período hispánico venezolano en la Hacienda Carabobo _cJorge Rivas. |
| 260 |
_aCaracas _bFundación Cisneros _c2000 |
||
| 300 |
_a31 p. _bil. a color _c22 cm. |
||
| 440 | 0 |
_aColección Patricia Phelps de Cisneros _v5 _93333 |
|
| 504 | _aBibliografía: p. 31 | ||
| 650 | 1 | 4 |
_aArte colonial _vExposiciones _zVenezuela _93334 |
| 650 | 1 | 4 |
_aArte venezolano _vExposiciones _93335 |
| 942 |
_2lcc _cB |
||
| 999 |
_c893 _d893 |
||